000 00627nam a2200157 i 4500
001 164567
003 ES-MaACL
005 20230906212948.0
008 050801s1873 sp | |||||||| ||spa d
040 _aCAM
_bspa
_cCAM
100 1 _aSánchez de la Campa, Luis.
_9133031
245 1 3 _aEl problema de la deuda pública
_b: estudio sociológico /
_cpor Luis Sanchez de la Campa.
260 _aMadrid :
_b[s.n.],
_c1873 (
_fTaller tipográfico del Hospicio)
300 _a63 p. ;
_c20 cm.
852 _aES-MaACL
_jT-166-F-3
_z-- Enc. hol.
_z-- Dedic. ms. del autor a la biblioteca del Ateneo de Madrid
_z-- Enc. en un vol. facticio
999 _c164567
_d164567